000 00545nam a2200181Ia 4500
005 20250508153915.0
008 008 250505s9999 xx 000 0 eng d
037 _aBooks to be hide in OPAC
040 _aFEDL
_beng
_cFEDL
041 _aeng
_2eng
084 _a378.994, DEN
_qFEDL
100 _aDenham Thomas
_9764652
245 0 _aMemorandum of the universities of Australia with a note on the proposed University of Mysore
260 _c1914
300 _ax,56p.
942 _cHB
_h378.994, DEN
999 _c1346289
_d1346289